[Havierniková, K. 2020. Manažment rizík malých a stredných podnikov a klastrová spolupráca. Trenčín : Trenčianska univerzita Alexandra Dubčeka v Trenčíne. 170 s.]

Recenzia na vedeckú monografiu Manažment rizík malých a stredných podnikov a klastrová spolupráca.

Guardado en:
Detalles Bibliográficos
Autor principal: Mura, Ladislav, 1979-
Formato: Capítulo de libro
Lenguaje:eslovaco
Materias:
Etiquetas: Agregar Etiqueta
Sin Etiquetas, Sea el primero en etiquetar este registro!

MARC

LEADER 00000naa a2200000 4500
001 0286402
005 20240502074416.4
041 0 |a slo 
044 |a SK 
245 1 0 |a [Havierniková, K. 2020. Manažment rizík malých a stredných podnikov a klastrová spolupráca. Trenčín : Trenčianska univerzita Alexandra Dubčeka v Trenčíne. 170 s.]  |c Ladislav Mura 
520 |a Recenzia na vedeckú monografiu Manažment rizík malých a stredných podnikov a klastrová spolupráca. 
610 2 0 |a podnik stredný 
610 2 0 |a podnik malý 
610 2 0 |a manažment 
610 2 0 |a riadenie rizík 
100 1 |a Mura, Ladislav, 1979-